Rafael Landivar Rvsticatio Mexicana: análisis métrico y estilístico texto latino y traducción ritmica
Zapisane w:
| 1. autor: | |
|---|---|
| Format: | Książka |
| Język: | hiszpański |
| Wydane: |
Salamanca
Universidad Pontificia de Salamanca
1982
|
| Hasła przedmiotowe: | |
| Etykiety: |
Dodaj etykietę
Nie ma etykietki, Dołącz pierwszą etykiete!
|
MARC
| LEADER | 00000nam a2200000 a 4500 | ||
|---|---|---|---|
| 001 | UCT6811 | ||
| 003 | CL-VaPUC | ||
| 008 | 970113e19820000SP |||||||||||||||||spa|d | ||
| 082 | 0 | 4 | |a Gu861.09 |b CHA |2 21 |
| 100 | 0 | |a Chamorro González, Faustino |e author |9 377049 | |
| 245 | 1 | 0 | |a Rafael Landivar Rvsticatio Mexicana: análisis métrico y estilístico texto latino y traducción ritmica |
| 300 | |a 173 p | ||
| 942 | |c BK | ||
| 945 | |d 19970113 00:00:00 |a nastorga | ||
| 260 | |a Salamanca |b Universidad Pontificia de Salamanca |c 1982 | ||
| 650 | 7 | |a POESIAS GUATEMALTECAS |2 CL-VaPUC |9 332765 | |
| 650 | 0 | |a Crítica e interpretación |9 255042 | |
| 650 | 0 | |a Análisis métrico |9 377050 | |
| 650 | 0 | |a Frecuencia |9 334661 | |
| 650 | 0 | |a Estilo literario |9 316417 | |
| 650 | 0 | |a Mitos |9 267117 | |
| 650 | 0 | |a Versos |9 377051 | |
| 583 | |a last modification |c 19970113 00:00:00 |k Rodrigo Vera | ||
| 999 | |c 255482 |d 255480 | ||
| 952 | |0 0 |1 0 |4 0 |6 GU_861_090000000000000_CHA_1982 |7 0 |8 A |9 277725 |a BIBEDU |b BIBEDU |d 2019-11-19 |i 3270238 |o Gu861.09 CHA 1982 |p 3270238 |r 2019-11-19 |w 2019-11-19 |y BK |k LIT | ||